01651nam a22003497i 4500003000900000005001700009008004100026020001500067040004300082041000800125082002200133092000700155099003700162100002800199245010400227250004600331264002700377300002400404336002400428337002800452338004300480504005300523546002400576650005800600856005700658905000700715942001900722999001700741952018100758952018100939952018101120EG-GICUC20260121101551.0251230s1987    fr ||||fr|||| 001 0 fre d  a2254880501  aEG-GiCUCbfrecEG-GiCUCdEG-GiCUCeRda  afre04221a341.3bDR . D04221  aLaw1 11 341.3	DR . D 3 ed - 19871 aDreyfus, SimoneeAuteur10aDroit Des Relations Internationales :bÉléments De Droit International Public /cSimone Dreyfus  aTroisième éditionbRevue et augmentee 1aParis :bCujas,c1987.  a490 pages ;c24 cm.  2rda contenua texte  2rda  mediasaOrdinateur  2 transporteur rdaa Ressource en ligne  aIncludes bibliographical references and indexes.  aTexte en français14aRelations internationalesxDroit international public40uhttps://fll.law.cu.edu.eg/fulltext/bks/B11-06587.pdf  a75  2ddccBKe21n0  c53225d53225  00102ddc40718القانون الدولي العامaCUbLAW1d2025-12-30l0oLaw1 11 341.3	DR . D 3 ed - 1987 1106587	C1pB11-06587r2025-12-30 12:02:59t1w2025-12-30yBK  00102ddc40708القانون الدولي العامaCUbLAW1d2025-12-30l0oLaw1 11 341.3	DR . D 3 ed - 1987 1106588	C2pB11-06588r2025-12-30 12:03:00t2w2025-12-30yBK  00102ddc40708القانون الدولي العامaCUbLAW2d2025-12-30l0oLaw2 11 341.3	DR . D 3 ed - 1987 1106589	C3pB11-06589r2025-12-30 12:03:00t3w2025-12-30yBK